| 000 | 00391nam a22001457a 4500 | ||
|---|---|---|---|
| 005 | 20180125094917.0 | ||
| 008 | 180125b xxu||||| |||| 00| 0 eng d | ||
| 040 | _cPK-LaUMT | ||
| 082 |
_aPKAC 297.74 _bJAL-I |
||
| 100 | _aJala ud din Umari | ||
| 245 |
_aIslam ki dawat/ _cJala ud din Umari |
||
| 260 |
_aدہلی: _bمرکزی مکتبہ اسلامی _c1996 |
||
| 300 | _a204 | ||
| 942 | _cBK | ||
| 999 |
_c102137 _d102137 |
||